[Rozhodovacie procesy v cvičnej firme]

Recenzia na monografiu Rozhodovacie procesy v cvičnej firme. Kniha čitateľa sprevádza rozhodovacími procesmi počnúc tvorbou rozhodnutí súvisiacich so zakladaním cvičnej firmy, pokračujúc rozhodovacími procesmi počas jej prevádzky a končiac prípadným rozhodnutím o jej zrušení a zániku. Je plná konkré...

Description complète

Enregistré dans:
Détails bibliographiques
Auteur principal: Novák, Jaromír, 1978-
Format: Chapitre de livre
Langue:slovaque
Sujets:
Tags: Ajouter un tag
Pas de tags, Soyez le premier à ajouter un tag!

MARC

LEADER 00000naa$a2200000$$$4500
001 0084549
005 20240502071945.1
041 0 |a slo 
044 |a SK 
245 1 0 |a [Rozhodovacie procesy v cvičnej firme]  |c Jaromír Novák 
520 |a Recenzia na monografiu Rozhodovacie procesy v cvičnej firme. Kniha čitateľa sprevádza rozhodovacími procesmi počnúc tvorbou rozhodnutí súvisiacich so zakladaním cvičnej firmy, pokračujúc rozhodovacími procesmi počas jej prevádzky a končiac prípadným rozhodnutím o jej zrušení a zániku. Je plná konkrétnych príkladov a odporúčaní pre rozličné druhy rozhodovacích situácií. 
610 2 0 |a recenzie 
610 2 0 |a vzdelávanie vysokoškolské 
610 2 0 |a firmy cvičné 
610 2 0 |a procesy rozhodovacie 
100 1 |a Novák, Jaromír, 1978-